Online
Catalog

Generos de opinion : (Record no. 15333)

MARC details
000 -CABECERA
campo de control de longitud fija 00615cam a22001937a 4500
001 - NÚMERO DE CONTROL
campo de control 000015786
005 - FECHA Y HORA DE LA ÚLTIMA TRANSACCIÓN
campo de control 20200929164143.0
008 - DATOS DE LONGITUD FIJA--INFORMACIÓN GENERAL
campo de control de longitud fija 900425s1987 cs |||||000 0|spa
010 ## - NÚMERO DE CONTROL DE LA BIBLIOTECA DEL CONGRESO
Número de control de LC 90148733
035 ## - NÚMERO DE CONTROL DEL SISTEMA
Número de control de sistema (WaOLN) 90148733
035 ## - NÚMERO DE CONTROL DEL SISTEMA
Número de control de sistema (WaOLN)6482909
040 ## - FUENTE DE LA CATALOGACIÓN
Centro catalogador/agencia de origen DO-SdBNP
Centro/agencia transcriptor DLC
050 00 - SIGNATURA TOPOGRÁFICA DE LA BIBLIOTECA DEL CONGRESO
Número de clasificación MLCS 97/06737 (P)
100 2# - ENTRADA PRINCIPAL--NOMBRE DE PERSONA
Nombre de persona Garcia Luis, Julio.
9 (RLIN) 35533
245 10 - MENCIÓN DE TÍTULO
Título Generos de opinion :
Resto del título apuntes y sugerencias sobre el articulo periodistico /
Mención de responsabilidad, etc. Julio Garcia Luis.
260 ## - PUBLICACIÓN, DISTRIBUCIÓN, ETC.
Lugar de publicación, distribución, etc. Praga :
Nombre del editor, distribuidor, etc. Organizacion Internacional de Periodistas,
Fecha de publicación, distribución, etc. 1987.
300 ## - DESCRIPCIÓN FÍSICA
Extensión 149 p. ;
Dimensiones 21 cm.
910 ## - DATOS DE OPCIÓN DEL USUARIO (OCLC)
Datos de opción del usuario Catalogación derivada
Holdings
Estado de retiro Estado de pérdida Restricciones de uso No para préstamo Código de colección Localización permanente Ubicación/localización actual Ubicación en estantería Fecha de adquisición Número de inventario Total de préstamos Signatura topográfica completa Código de barras Fecha visto por última vez Precio válido a partir de Tipo de ítem Koha
    Préstamo interno Préstamo restrigido Monografías: Libros y Folletos General General En encuadernación 17.02.2010 LF1   15786-10 25.06.2020 25.06.2020 Préstamo interno

Powered by Koha